Países por Bandera y Forma #6 - Estadísticas

Estadísticas generales
  • Esta prueba ha sido intentada 3.698 veces
  • La puntuación promedio es 13 de 16
Estadísticas de respuestas
Imagen Respuesta % Correcto
Suiza
99%
Islandia
98%
Polonia
96%
Cuba
95%
Vietnam
93%
Japón
92%
Túnez
91%
Bosnia y Herzegovina
90%
Costa de Marfil
87%
Corea del Sur
85%
Azerbaiyán
81%
Mozambique
77%
Santa Lucía
73%
Dominica
66%
Gambia
66%
Vanuatu
47%
No se encontraron pruebas coincidentes
Distribución de puntuación
Porcentaje de gente con cada puntuación
Porcentaje por número respondido
Historial de tus puntuaciones
No has intentado esta prueba.